Anime by Awkward Plot Summary Quiz Stats

 Plays Quiz not verified by Sporcle

Also try: Born in Oklahoma
Challenge
Share
Tweet
Embed
Score 0/20 Timer 10:00
1 Play Today
Summary Anime % Correct
Ninjas are incredibly unsubtle.Naruto
94.1%
A teenage psychopath and his invisible friend kill people.Deathnote
76.3%
Short angry kid and giant suit of armor practice magic.Fullmetal Alchemist
67.3%
Ten year olds abuse small, cute animals.Pokemon
53.7%
A teenager with a God complex attempts to rule the world.Code Geass
49.6%
A young boy makes an 'arrangement' with a demon.Kuroshitsuji
41.9%
Crossdresser is harrassed by rich gang.Ouran High School Host Club
35.3%
A possessed robot pulls a guitar out of his face and is named the True Pirate King. FLCL
33.7%
A baby repeatedly shoots a middle schooler.Katekyo Hitman Reborn!
25.5%
Oppressed people fight a rebellion with their manhood.Gurren Lagann
24.9%
Summary Anime % Correct
Gratuitous violence repeats itself in a disturbing manner.Higurashi
23.6%
Naked animal shapeshifters claim legitimacy.Fruits Basket
21.6%
A girl turns into an Internet God.Serial Experiments Lain
18%
Older artist obsesses over young catboy.Loveless
18%
Everyone stalks a kindhearted man.Trigun
10.7%
A perverted priest saves a small boy from the military.07-Ghost
8%
Everyone harrasses a small, apathetic boy.Nabari No Ou
5.9%
Young girl's bodily fluids give rich people superpowers.Speed Grapher
4.1%
Possessed inanimate objects stop time to fight crime. Shakugan no Shana
3.6%
Robot girl takes her shirt off to fight large aliens.Diebuster
2.9%

You're not logged in!

Compare scores with friends on all Sporcle quizzes.
Join for Free
OR
Log In

You Might Also Like...

Show Comments

Extras

Created May 17, 2010ReportNominate
Tags:Anime Quiz, awkward, plot, summary

Top Quizzes Today


Score Distribution

Your Account Isn't Verified!

In order to create a playlist on Sporcle, you need to verify the email address you used during registration. Go to your Sporcle Settings to finish the process.

Report this User

Report this user for behavior that violates our Community Guidelines.

Details: